Binary Ionic Compounds - Statistics

General Stats
  • This quiz has been taken 49 times
  • The average score is 12 of 17
Answer Stats
Compound/Name Answer % Correct
LiBr Lithium Bromide
90%
CaF2 Calcium Fluoride
83%
Cs2O Cesium Oxide
83%
Mg3N2 Magnesium Nitride
83%
Rb3N Rubidium Nitride
83%
Ca3N2 Calcium Nitride
78%
Cs2S Cesium Sulfide
75%
Calcium Oxide CaO
70%
Al2O3 Aluminium Oxide
65%
Barium Nitride Ba3N2
65%
Potassium Oxide K2O
65%
Potassium Sulfide K2S
65%
Magnesium Chloride MgCl2
63%
Magnesium Oxide MgO
63%
Sodium Nitride Na3N
63%
Indium Fluoride InF3
58%
Al2S3 Aluminium Sulfide
55%
No matching quizzes found
Score Distribution
Percent of People with Each Score
Percentile by Number Answered
Your Score History
You have not taken this quiz